000 00248nam a2200085Ia 4500
245 0 _aEasy fast and delicious
100 _a CHEIFITZ, Phillippa Cape Town, South Africa, 2010
_986167
942 _cBK
008 210817s9999 xx 000 0 und d
999 _c327256
_d327255